Statistics for Most Commonly Used Letters in English

Click here to take the quiz!

General Stats

  • This quiz has been taken 71 times
  • The average score is 16 of 20

Answer Stats

QuestionTileSelect% Correct
Which ten (10) letters are the most frequently used letters in the English language.AYes
97%
Which ten (10) letters are the most frequently used letters in the English language.EYes
96%
Which ten (10) letters are the most frequently used letters in the English language.FNo
94%
Which ten (10) letters are the most frequently used letters in the English language.WNo
94%
Which ten (10) letters are the most frequently used letters in the English language.YNo
91%
Which ten (10) letters are the most frequently used letters in the English language.OYes
90%
Which ten (10) letters are the most frequently used letters in the English language.TYes
88%
Which ten (10) letters are the most frequently used letters in the English language.PNo
87%
Which ten (10) letters are the most frequently used letters in the English language.SYes
87%
Which ten (10) letters are the most frequently used letters in the English language.GNo
85%
Which ten (10) letters are the most frequently used letters in the English language.IYes
85%
Which ten (10) letters are the most frequently used letters in the English language.BNo
79%
Which ten (10) letters are the most frequently used letters in the English language.RYes
73%
Which ten (10) letters are the most frequently used letters in the English language.UNo
69%
Which ten (10) letters are the most frequently used letters in the English language.DNo
67%
Which ten (10) letters are the most frequently used letters in the English language.NYes
67%
Which ten (10) letters are the most frequently used letters in the English language.MNo
63%
Which ten (10) letters are the most frequently used letters in the English language.HNo
61%
Which ten (10) letters are the most frequently used letters in the English language.LYes
46%
Which ten (10) letters are the most frequently used letters in the English language.CYes
42%

Score Distribution

Percentile by Number Answered

Percent of People with Each Score

Your Score History

You have not taken this quiz